Účtovníctvo pre 3. ročník obchodných akadémií
Gespeichert in:
| 1. Verfasser: | |
|---|---|
| Weitere Verfasser: | , , , |
| Format: | Buch |
| Sprache: | Slowakisch |
| Veröffentlicht: |
Bratislava
Wolters Kluwer SR
2019
|
| Ausgabe: | 11. prepracované vydanie |
| Schriftenreihe: | Ekonómia
|
| Schlagworte: | |
| Tags: |
Keine Tags, Fügen Sie das erste Tag hinzu!
|
MARC
| LEADER | 00000nam a2200000 4500 | ||
|---|---|---|---|
| 001 | 0258228 | ||
| 005 | 20240523103129.0 | ||
| 020 | |a 978-80-571-0068-3 | ||
| 041 | 0 | |a slo | |
| 044 | |a SK | ||
| 245 | 1 | 0 | |a Účtovníctvo pre 3. ročník obchodných akadémií |c Rudolf Šlosár, Amália Spitzová, Oľga Ďuricová ; lektorovali: Helena Ivaničová, Jolana Šabíková |
| 250 | |a 11. prepracované vydanie | ||
| 264 | 1 | |a Bratislava |b Wolters Kluwer SR |c 2019 | |
| 300 | |a 231 s. [13,80 AH] | ||
| 490 | 1 | |a Ekonómia | |
| 830 | 0 | |a Ekonómia | |
| 610 | 2 | 0 | |a účtovníctvo |
| 610 | 2 | 0 | |a účtovníctvo podvojné |
| 610 | 2 | 0 | |a školy stredné odborné |
| 610 | 2 | 0 | |a účty finančné |
| 610 | 2 | 0 | |a vzťahy zúčtovacie |
| 610 | 2 | 0 | |a zásoby |
| 610 | 2 | 0 | |a majetok dlhodobý |
| 610 | 2 | 0 | |a náklady |
| 610 | 2 | 0 | |a výnosy |
| 610 | 2 | 0 | |a účty kapitálové |
| 610 | 2 | 0 | |a založenie podniku |
| 610 | 2 | 0 | |a spoločnosti obchodné |
| 610 | 2 | 0 | |a spoločnosti kapitálové |
| 610 | 2 | 0 | |a závierka účtovná |
| 610 | 2 | 0 | |a uzávierka účtovná |
| 100 | 1 | |a Šlosár, Rudolf | |
| 700 | 1 | |a Spitzová, Amália | |
| 700 | 1 | |a Ďuricová, Oľga | |
| 700 | 1 | |a Ivaničová, Helena | |
| 700 | 1 | |a Šabíková, Jolana | |